000 03088nam a22005057a 4500
001 BRCA_9174
003 FranzMayer
005 20220809131805.0
008 190312s2018 mx a b f000 0 spa d
010 _a 2019387864
020 _a9786076055564
035 _a(OCoLC)on1089789950
040 _aH7K
_bspa
_cH7K
_erda
_dOCLCO
_dJPG
_dOCLCF
_dDLC
041 0 _aspa
050 0 0 _aND255.5.S8
_bG73 2018
100 1 _aGarza Usabiaga, Daniel,
_eautor.
_928366
245 1 3 _aEl gran malentendido :
_bWolfgang Paalen en México y el surrealismo disidente de la revista DYN /
_cDaniel Garza Usabiaga.
246 3 0 _aWolfgang Paalen en México y el surrealismo disidente de la revista DYN
250 _aPrimera edición.
264 1 _aCiudad de México :
_bInstituto Nacional de Bellas Artes, Museo de Arte Carrillo Gil,
_c2018.
300 _a205 páginas :
_bilustraciones (principalmente a color) ;
_c25 cm.
336 _2rdacontent
336 _atext
_btxt
_2rdacontent
337 _2rdamedia
338 _2rdacarrier
490 1 _aMuseos y galerías
500 _aUbicación: L59-N5
500 _aArriba del título: Museo de Arte Carrillo Gil.
500 _aIncluye material de la Colección Museo Franz Mayer en las páginas 6, 30, 35, 39, 45, 81, 105, 107, 112, 116, 119, 123, 124, 138, 169 y 178
500 _aIncluye material del Fondo Personal Wolfgang Paalen, Acervos Documentales, Museo Franz Mayer en las páginas 36, 40, 82, 113, 117
501 _aIncluye material del Fondo Wolfgang Paalen, Museo Franz Mayer en las páginas 45 y121
504 _aIncluye referencias bibliográficas
505 0 0 _tPresentación /
_rMaría Cristina García Cepeda
505 0 0 _tPrólogo /
_rDra. Lidia Camacho Camacho
505 0 0 _aIntroducción -- Objetos subversivos -- Memoria del futuro -- Coleccionismo y exposición -- Anotaciones sobre el legado de Wolfang Paalen y DYN en México después de 1945.
520 8 _a"En "El gran malentendido", la investigación que acompaña a la exposición del mismo nombre, alojada por el Museo de Arte Carrillo Gil entre junio y octubre de 2018, Daniel Garza Usabiaga repasa la aventura intelectual de Paalen en México. El ensayo despeja dudas sobre el artista y lo presenta como alguien que, lejos de aislarse en su estudio, animó debates estéticos y propició, desde su singular perspectiva, el desarrollo de la pintura abstracta lo mismo en el país que en los Estados Unidos. La visión reconciliadora de Wolfgang Paalen nos permite renovar nuestra manera de entender el arte indígena del continente, para desde ahí construir lo que llamó "memoria del futuro"".
_cProporcionado por el editor.
600 1 0 _aPaalen, Wolfgang,
_d1907-1959
_xCrítica e interpretación
_928367
600 1 0 _aPaalen, Wolfgang,
_d1907-1959
_xInfluencia
_928368
600 1 0 _aPaalen, Wolfgang,
_d1907-1959
_xAmigos y asociados
_928369
650 0 _aSurrealismo
_zMéxico
_94990
650 0 _aArte Moderno
_ySiglo XX
_91863
830 0 _aMuseos y galerías.
_9239
942 _2lcc
_cB
999 _c10793
_d10793